[Event "Wloclawek CC Classic 07th"]
[Site "Wloclawek"]
[Date "2013.??.??"]
[Round "6"]
[White "Radziwilowicz, Gabriel"]
[Black "Maslankowski, Adam"]
[Result "0-1"]
[WhiteElo "1000"]
[BlackElo "1400"]
[PlyCount "26"]
[EventDate "2013.04.??"]
[EventType "swiss"]
[EventRounds "7"]
[EventCountry "POL"]
[SourceTitle "EXT 2021"]
[Source "ChessBase"]
[SourceDate "2020.10.23"]
[SourceVersion "1"]
[SourceVersionDate "2020.10.23"]
[SourceQuality "1"]

1. e4 c5 2. d3 Nc6 3. Bg5 g6 4. f4 Bg7 5. Nf3 Bxb2 6. Bh6 Nxh6 7. Be2 Bxa1 8. 0-0 Bd4+ 9. Kh1 d6 10. Nxd4 Nxd4 11. Bg4 Bxg4 12. Qe1 Nxc2 13. Qd2 Nd4 0-1

[Event "Wloclawek CC Classic 07th"]
[Site "Wloclawek"]
[Date "2013.??.??"]
[Round "2"]
[White "Radziwilowicz, Gabriel"]
[Black "Maslankowski, Maciej"]
[Result "0-1"]
[WhiteElo "1000"]
[BlackElo "1600"]
[PlyCount "30"]
[EventDate "2013.04.??"]
[EventType "swiss"]
[EventRounds "7"]
[EventCountry "POL"]
[SourceTitle "EXT 2021"]
[Source "ChessBase"]
[SourceDate "2020.10.23"]
[SourceVersion "1"]
[SourceVersionDate "2020.10.23"]
[SourceQuality "1"]

1. g3 c5 2. Bg2 Nc6 3. Nf3 d6 4. 0-0 Nf6 5. d3 g6 6. Bf4 Bg7 7. b3 Nd5 8. Nh4 Nxf4 9. gxf4 Bxa1 10. e3 Bg7 11. e4 e5 12. fxe5 Qxh4 13. exd6 0-0 14. e5 Bxe5 15. Nd2 Qxh2# 0-1